Statistics for Canadian Lakes on a Map

Click here to take the quiz!

General Stats

  • This quiz has been taken 412 times
  • The average score is 8 of 15

Answers on the Map

Answers color-coded by a green-red scale on the quiz's map according to % correct below.
 

Answer Stats

km²Lakesq mi% Correct
10,000Lake Ontario3,900
96%
28,700Lake Superior11,100
96%
12,800Lake Erie4,900
93%
36,000Lake Huron14,000
91%
28,600Great Slave Lake11,000
85%
31,300Great Bear Lake12,100
84%
24,400Lake Winnipeg9,400
79%
7,900Lake Athabasca3,100
50%
4,600Lake Manitoba1,800
45%
5,400Lake Winnipegosis2,100
37%
4,800Lake Nipigon1,900
35%
6,700Reindeer Lake2,600
27%
6,500Smallwood Reservoir2,500
10%
5,500Nettilling Lake2,100
9%
4,300Caniapiscau Reservoir1,700
6%

Score Distribution

Percentile by Number Answered

Percent of People with Each Score

Your Score History

You have not taken this quiz